How the west grew rich : The economic transformation of the industrial world

The authors argue persuasively that it is the political pluralism and remarkable flexibility of the West's institutions that explains its unparalleled wealth and prosperity.

Sparad:
Bibliografiska uppgifter
Huvudupphovsman: Rosenberg, Nathan
Materialtyp: Bok
Språk:Undetermined
Publicerad: New York Basic Books, Inc. 1985
Taggar: Lägg till en tagg
Inga taggar, Lägg till första taggen!
Thư viện lưu trữ: Trung tâm Học liệu Trường Đại học Cần Thơ
LEADER 00719nam a2200193Ia 4500
001 CTU_221826
008 210402s9999 xx 000 0 und d
082 |a 330.9172 
082 |b R813 
100 |a Rosenberg, Nathan 
245 0 |a How the west grew rich : 
245 4 |b The economic transformation of the industrial world 
245 0 |c Nathan Rosenberg and L. E. Birdzell 
260 |a New York 
260 |b Basic Books, Inc. 
260 |c 1985 
520 |a The authors argue persuasively that it is the political pluralism and remarkable flexibility of the West's institutions that explains its unparalleled wealth and prosperity. 
904 |i Trúc 
980 |a Trung tâm Học liệu Trường Đại học Cần Thơ